Reformulación de las instituciones para la eficacia del Mercosur en la integración económica /
Guardado en:
| Autor Principal: | |
|---|---|
| Formato: | Libro |
| Idioma: | Spanish |
| Publicado: |
Buenos Aires :
La Ley; Departamento de publicaciones UBA,
2011.
|
| Edición: | 1a. ed. |
| Series: | Colección CEIDIE - Centro de Estudios Interdisciplinarios de Derecho Industrial y Económico
|
| Materias: | |
| Etiquetas: |
Agregar Etiqueta
Sin Etiquetas, Sea el primero en etiquetar este registro!
|
| LEADER | 00670nam a22001695a 4500 | ||
|---|---|---|---|
| 001 | DER.der010961 | ||
| 008 | 180615s2011####|||||||||||||||||#||spa|| | ||
| 005 | 20240229104510.0 | ||
| 245 | 1 | 0 | |a Reformulación de las instituciones para la eficacia del Mercosur en la integración económica / |c Miguel Angel Maito |
| 250 | |a 1a. ed. | ||
| 260 | |a Buenos Aires : |b La Ley; Departamento de publicaciones UBA, |c 2011. | ||
| 300 | |a 167 p. | ||
| 020 | |a 9789870318996 | ||
| 100 | 1 | |a Maito, Miguel Angel | |
| 830 | 0 | |a Colección CEIDIE - Centro de Estudios Interdisciplinarios de Derecho Industrial y Económico | |
| 650 | 7 | |a DERECHO A LA INTEGRACION | |
| 859 | |a DERECHO |b BIB. DERECHO |h 341 |i MAI |p 006544 | ||
